| 000 | 00332nam a22001337a 4500 | ||
|---|---|---|---|
| 020 | _qPB. | ||
| 040 | _cFIZZA ISHAQ | ||
| 082 |
_a333.7 _bGRE |
||
| 100 |
_aFFOLLIOTT,GREGERSEN. _990691 |
||
| 245 |
_aINTEGRATED WATERSHED MANAGEMENT / _cGREGERSEN FFOLLIOTT. |
||
| 260 |
_aNEW DEHLI ; _c2007. |
||
| 300 | _a201 P. ; | ||
| 942 |
_2ddc _cBK |
||
| 999 |
_c588898 _d588898 |
||